[Event "GER-chT U20"]
[Site "Muenster"]
[Date "2022.12.29"]
[Round "6"]
[White "Helmbrecht, Paul"]
[Black "Wichmann, Luc"]
[Result "1-0"]
[WhiteElo "1681"]
[BlackElo "1292"]
[PlyCount "47"]
[EventDate "2022.12.26"]
[EventType "team-swiss"]
[EventRounds "7"]
[EventCountry "GER"]
[SourceTitle "CBM 212 Extra"]
[Source "ChessBase"]
[SourceDate "2023.03.31"]
[SourceVersion "1"]
[SourceVersionDate "2023.03.31"]
[SourceQuality "1"]
[WhiteTeam "Ergolding"]
[BlackTeam "Bochum SG"]
[WhiteTeamCountry "GER"]
[BlackTeamCountry "GER"]

1. e4 c6 2. d4 d5 3. Nc3 dxe4 4. Nxe4 Bf5 5. Ng3 Bg6 6. h4 h5 7. Nf3 Nf6 8. Ne5 Be4 9. Nxe4 Nxe4 10. Qf3 Nf6 11. Be3 e6 12. 0-0-0 Nbd7 13. Be2 Qa5 14. Nxd7 Nxd7 15. Kb1 Bd6 16. g4 Nf6 17. g5 Nd7 18. g6 f6 19. Bc4 Ke7 20. Rhe1 Nf8 21. Bg5 Kd7 22. Bxf6 Rg8 23. Be5 Re8 24. Qf7+ 1-0

[Event "GER-chT U20"]
[Site "Muenster"]
[Date "2022.12.29"]
[Round "5"]
[White "Kilic, Hasan"]
[Black "Helmbrecht, Paul"]
[Result "1/2-1/2"]
[WhiteElo "1486"]
[BlackElo "1681"]
[PlyCount "110"]
[EventDate "2022.12.26"]
[EventType "team-swiss"]
[EventRounds "7"]
[EventCountry "GER"]
[SourceTitle "CBM 212 Extra"]
[Source "ChessBase"]
[SourceDate "2023.03.31"]
[SourceVersion "1"]
[SourceVersionDate "2023.03.31"]
[SourceQuality "1"]
[WhiteTeam "Kreuzberg"]
[BlackTeam "Ergolding"]
[WhiteTeamCountry "GER"]
[BlackTeamCountry "GER"]

1. e4 c6 2. d4 d5 3. e5 Bf5 4. h4 h5 5. Bg5 Qb6 6. Bd3 Bxd3 7. Qxd3 e6 8. Nf3 Qa6 9. Qb3 c5 10. Nbd2 Nc6 11. c4 dxc4 12. Nxc4 b5 13. Ncd2 c4 14. Qe3 Nge7 15. a3 Nd5 16. Qe2 Ncb4 17. 0-0 Nd3 18. Ne4 Be7 19. Bxe7 Kxe7 20. Nd6 Qc6 21. g3 f6 22. Qe4 f5 23. Qe2 a5 24. Qd2 Nf6 25. Qg5 Rag8 26. Qg6 Ne8 27. Nxf5+ Kd8 28. Ng5 Rf8 29. Nxe6+ Kd7 30. Nxf8+ Rxf8 31. Qxc6+ Kxc6 32. Ne7+ Kb6 33. Rab1 Rf7 34. Nd5+ Kc6 35. Ne3 a4 36. d5+ Kc5 37. d6 Nxe5 38. Rfc1 Nd3 39. Rc2 Nxd6 40. Rd1 Kd4 41. Ng2 Ne4 42. Nf4 Rf5 43. Kg2 g5 44. hxg5 Nxg5 45. Nxd3 cxd3 46. Rc8 Ne4 47. Rd8+ Kc4 48. R8xd3 Rxf2+ 49. Kh3 Re2 50. Rd4+ Kb3 51. Rb4+ Ka2 52. Rd5 Nf2+ 53. Kh4 Ne4 54. Kh3 Nf2+ 55. Kh4 Ne4 1/2-1/2

[Event "GER-chT U20"]
[Site "Muenster"]
[Date "2022.12.27"]
[Round "2"]
[White "Kieselbach, Jannik"]
[Black "Helmbrecht, Paul"]
[Result "1/2-1/2"]
[WhiteElo "1854"]
[BlackElo "1681"]
[PlyCount "81"]
[EventDate "2022.12.26"]
[EventType "team-swiss"]
[EventRounds "7"]
[EventCountry "GER"]
[SourceTitle "CBM 212 Extra"]
[Source "ChessBase"]
[SourceDate "2023.03.31"]
[SourceVersion "1"]
[SourceVersionDate "2023.03.31"]
[SourceQuality "1"]
[WhiteTeam "Lehrte"]
[BlackTeam "Ergolding"]
[WhiteTeamCountry "GER"]
[BlackTeamCountry "GER"]

1. e4 c6 2. d4 d5 3. exd5 cxd5 4. c4 Nf6 5. Nc3 Nc6 6. Nf3 Bg4 7. cxd5 Nxd5 8. Qb3 Bxf3 9. gxf3 e6 10. Qxb7 Nxd4 11. Bb5+ Nxb5 12. Qc6+ Ke7 13. Qxb5 Nxc3 14. bxc3 Qd5 15. Qxd5 exd5 16. Rb1 Kf6 17. Be3 Bd6 18. Kd2 Rhc8 19. Bd4+ Be5 20. Bxe5+ Kxe5 21. Rb7 Kf6 22. Rhb1 Rc4 23. R1b4 Rac8 24. Rxc4 Rxc4 25. Rxa7 Rh4 26. a4 Rxh2 27. Ke3 Rh1 28. a5 Ra1 29. Ra8 Ra4 30. a6 h5 31. a7 h4 32. Rh8 Rxa7 33. Rxh4 Ra3 34. Kd3 Ra2 35. Rh2 Ke5 36. Ke3 g6 37. Rh8 Ra4 38. Re8+ Kf5 39. Rd8 Ke5 40. Re8+ Kf5 41. Rd8 1/2-1/2

[Event "Mittelfrank Regionalliga Sud-Ost 2223"]
[Site "Mittelfranken"]
[Date "2022.11.27"]
[Round "3.8"]
[White "Limbrunner, Steven"]
[Black "Helmbrecht, Paul"]
[Result "0-1"]
[WhiteElo "1882"]
[BlackElo "1863"]
[PlyCount "122"]
[EventDate "2022.10.09"]
[EventType "team-tourn"]
[EventRounds "9"]
[EventCountry "GER"]
[SourceTitle "EXT 2024"]
[Source "ChessBase"]
[SourceDate "2023.10.10"]
[SourceVersion "1"]
[SourceVersionDate "2023.10.10"]
[SourceQuality "1"]
[WhiteTeam "Bruckmuehl"]
[BlackTeam "Ergolding"]
[WhiteTeamCountry "GER"]
[BlackTeamCountry "GER"]

1. c4 e5 2. Nc3 Nf6 3. g3 c6 4. Bg2 d5 5. cxd5 cxd5 6. Qb3 e4 7. d3 Nc6 8. dxe4 dxe4 9. Nxe4 Nxe4 10. Bxe4 Bb4+ 11. Kf1 Qe7 12. Bg2 0-0 13. Nf3 Be6 14. Qc2 Rac8 15. Ng5 g6 16. Qe4 Rfd8 17. Be3 Qd7 18. Bf3 Bf5 19. Qh4 f6 20. Bxc6 Rxc6 21. Qxb4 fxg5 22. h4 Qd5 23. Qb3 Rc4 24. Kg1 Bc2 25. Qa3 Be4 26. f3 Qe5 27. Bf2 Bc6 28. Qe3 Qxe3 29. Bxe3 Rc2 30. Kf2 Bb5 31. Rhe1 gxh4 32. gxh4 a5 33. b3 Rdc8 34. Rac1 R8c6 35. a3 Rb2 36. a4 Ba6 37. Rxc6 bxc6 38. Bb6 Rxb3 39. Bxa5 Ra3 40. Rc1 Rxa4 41. Bd8 Bb5 42. e3 Ra2+ 43. Kg3 Rd2 44. Bb6 Kf7 45. Kf4 Ke6 46. Kg5 Rd5+ 47. Kf4 Rd2 48. Bd4 Rf2 49. Kg3 Rf1 50. Rc5 Rg1+ 51. Kf4 Rh1 52. Kg5 Kd6 53. Rc3 Be2 54. e4 Rf1 55. f4 Bf3 56. Bc5+ Ke6 57. f5+ Ke5 58. f6 Bxe4 59. Be7 Ke6 60. Re3 Rf5+ 61. Kh6 Kf7 0-1

[Event "GER-chT U14"]
[Site "Willingen"]
[Date "2022.08.14"]
[Round "4.3"]
[White "Helmbrecht, Paul"]
[Black "Freude, Max"]
[Result "0-1"]
[WhiteElo "1661"]
[BlackElo "1819"]
[PlyCount "76"]
[EventDate "2022.08.13"]
[EventType "team-swiss"]
[EventRounds "7"]
[EventCountry "GER"]
[SourceTitle "EXT 2023"]
[Source "ChessBase"]
[SourceDate "2022.10.05"]
[SourceVersion "1"]
[SourceVersionDate "2022.10.05"]
[SourceQuality "1"]
[WhiteTeam "Ergolding FC"]
[BlackTeam "Berlin Empor"]
[WhiteTeamCountry "GER"]
[BlackTeamCountry "GER"]

1. d4 Nf6 2. Nc3 d5 3. Bf4 e6 4. e3 a6 5. g4 h6 6. Qf3 c5 7. h4 Qa5 8. Nge2 c4 9. Bg2 b5 10. Qg3 Nc6 11. 0-0 Ra7 12. a3 Qd8 13. f3 Be7 14. h5 0-0 15. e4 b4 16. axb4 Nxb4 17. e5 Nh7 18. Rac1 Bd7 19. Be3 a5 20. Nd1 Ba4 21. c3 Nd3 22. Ra1 Bxd1 23. Rfxd1 Nxb2 24. Rdb1 Nd3 25. Nc1 Nxc1 26. Bxc1 Qc7 27. f4 Rb8 28. g5 hxg5 29. fxg5 Nf8 30. Bf4 Rxb1+ 31. Rxb1 g6 32. Qf2 a4 33. Bxd5 exd5 34. e6 Bd6 35. exf7+ Kg7 36. Bxd6 Qxd6 37. h6+ Kh7 38. Rb8 a3 0-1

[Event "GER-chT U14"]
[Site "Willingen"]
[Date "2022.08.13"]
[Round "2.8"]
[White "Helmbrecht, Paul"]
[Black "Trenz, Finn"]
[Result "1-0"]
[WhiteElo "1661"]
[BlackElo "1667"]
[PlyCount "53"]
[EventDate "2022.08.13"]
[EventType "team-swiss"]
[EventRounds "7"]
[EventCountry "GER"]
[SourceTitle "EXT 2023"]
[Source "ChessBase"]
[SourceDate "2022.10.05"]
[SourceVersion "1"]
[SourceVersionDate "2022.10.05"]
[SourceQuality "1"]
[WhiteTeam "Ergolding FC"]
[BlackTeam "Ingelheim"]
[WhiteTeamCountry "GER"]
[BlackTeamCountry "GER"]

1. d4 d5 2. c4 c6 3. Nc3 Nf6 4. Nf3 dxc4 5. a4 Bf5 6. e3 e6 7. Bxc4 Bb4 8. Qb3 Qa5 9. Bd2 Nbd7 10. e4 Bg6 11. e5 Nd5 12. 0-0 N7b6 13. Nxd5 Nxd5 14. Bxd5 Bxd2 15. Qxb7 0-0 16. Bxc6 Rab8 17. Qe7 Rxb2 18. Nxd2 Rxd2 19. Qc5 Qc7 20. Rac1 h6 21. Rfd1 Rb2 22. Bb5 Qb7 23. d5 exd5 24. Rxd5 a6 25. Qxf8+ Kxf8 26. Rd8+ Ke7 27. Re8# 1-0

[Event "GER-chT U14"]
[Site "Willingen"]
[Date "2021.06.24"]
[Round "1.9"]
[White "Hoffmann, Alexander4444"]
[Black "Helmbrecht, Paul"]
[Result "1/2-1/2"]
[WhiteElo "1554"]
[BlackElo "1531"]
[PlyCount "71"]
[EventDate "2021.06.23"]
[EventType "team-swiss"]
[EventRounds "7"]
[EventCountry "GER"]
[SourceTitle "EXT 2022"]
[Source "ChessBase"]
[SourceDate "2021.10.06"]
[SourceVersion "1"]
[SourceVersionDate "2021.10.06"]
[SourceQuality "1"]
[WhiteTeam "Karlsruhe SF"]
[BlackTeam "Ergolding FC"]
[WhiteTeamCountry "GER"]
[BlackTeamCountry "GER"]

1. e4 e5 2. Nc3 Nc6 3. d3 Bb4 4. f4 d5 5. Bd2 exf4 6. Nf3 Bxc3 7. Bxc3 d4 8. Bd2 g5 9. c3 g4 10. Ng1 Qh4+ 11. Ke2 Qf6 12. Qc1 f3+ 13. gxf3 gxf3+ 14. Nxf3 Bg4 15. Bg2 Ne5 16. Rf1 Qa6 17. Qc2 0-0-0 18. c4 Ne7 19. Rf2 f5 20. Ke1 Nxf3+ 21. Bxf3 Bxf3 22. Rxf3 fxe4 23. dxe4 Qe6 24. Kf2 d3 25. Rxd3 Rxd3 26. Qxd3 Rd8 27. Qc2 Qe5 28. Kg2 Rg8+ 29. Kh1 Qh5 30. Qd1 Qg6 31. Qf3 Nc6 32. Qf5+ Qxf5 33. exf5 Kd7 34. Rg1 Rxg1+ 35. Kxg1 Nd4 36. Kf2 1/2-1/2